| 000 | 00689nam a2200193 i 4500 | ||
|---|---|---|---|
| 001 | 55958 | ||
| 003 | ES-MaACL | ||
| 005 | 20230906163245.0 | ||
| 007 | t| | ||
| 008 | 031001s1972 sp |||| | spa d | ||
| 080 | _a946"1936/39"(0:860-3) | ||
| 100 | 1 |
_aDíaz Garrido, María del Carmen. _944288 |
|
| 245 | 1 | 4 |
_aLos años únicos _b: (andanzas de una niña en el Madrid rojo) / _cMaría del Carmen Díaz Garrido ; prólogo de Rafael García Serrano. |
| 260 |
_aMadrid : _b[Prensa Española], _c1972. |
||
| 300 |
_a177 p. ; _c18 cm. |
||
| 651 | 4 |
_aEspaña- _xHistoria- _y1936-1939, Guerra civil- _vNovelas. _98310 |
|
| 700 | 1 |
_aGarcía Serrano, Rafael. _955295 |
|
| 852 |
_aES-MaACL _jC-52744 |
||
| 999 |
_c55958 _d55958 |
||